000 00405nam a22001697a 4500
005 20160526121746.0
008 160526b xxu||||| |||| 00| 0 eng d
020 _a81-259-0777-7
041 _aeng
082 _b5198
100 _aPatal Bhavesh M.
_91301
245 _aProject Management
260 _aNew Delhi
_bAcademic Faundation
_c2004
300 _a654
650 _aManagement
_9241
942 _cBK
999 _c1824
_d1823